000 01214nam a2200361 i 4500
001 57315
003 CO-BoRNBP
005 20250616162332.0
007 ta
008 231129s2023 ck a|||br 000 j spa d
020 _a9786289568950
040 _aCO-BoRNBP
_bspa
_erda
_cCO-BoRNBP
041 0 _hspa
043 _0e-sp---
_0s-ck---
084 _aC NIC1
100 1 _aNicolás, Sara,
_d1978-
_eautora
245 1 1 _a¡Ouah!
_bSara Nicolás y Óscar Rull ; ilustraciones Rafa Antón
250 _aEdición especial
264 1 _aBogotá, Colombia
_bA S ediciones
_c2023
264 4 _c©2023
300 _a34 páginas sin numerar
_bilustraciones a color
_c30 cm
336 _atexto
_btxt
_2rdacontent
337 _asin mediación
_bn
_2rdamedia
338 _avolumen
_bnc
_2rdacarrier
521 1 _aRecomendado para un público infantil a partir de los 6 años.
650 1 0 _aCuentos infantiles españoles.
_ySiglo XXI
_2LEMB
_9997
650 1 7 _aLiteratura infantil española
_ySiglo XXI
_2LEMB
_9998
650 1 0 _aAutoras Españolas
_2LEMB
_960298
650 1 7 _aAnimales en la literatura
_2LEMB
_9853
700 1 _aRull, Óscar
_eautor
_958341
700 1 _aAntón, Rafa
_eilustrador
_960299
942 _2loc
_cBKLITI
999 _c57315
_d57315